000
00308nam a22000977a 4500
008
150618b xxu||||| |||| 00| 0 eng d
010
_8
HCCRSF: 004
245
_a
HIGH COURT CRIMINAL SESSION No.233 of 1969 Uganda Vs George William Simiyu
260
_a
High Court Kampala
500
_3
Before Hon.Mr. Justice Saldanha
999
_c
6430
_d
6430